000
00336nam a22001457a 4500
008
250423b ||||| |||| 00| 0 eng d
020
_a
9780716750130
041
_a
eng
080
_2
1991
_a
618DRE
082
_2
618DRE
_a
618DRE
100
_a
4
101
_a
BIOKOMI
245
_a
DISCOVERING ENZYMES
_c
DAVID DRESSLER
942
_2
udc
_c
BK
999
_c
60690
_d
60690